Score 0/55 Timer 12:00
0 Plays Today
Answer % Correct
Iran
86.9%
Iraq
85.9%
Afghanistan
83.8%
China
83.8%
North Korea
81.8%
Saudi Arabia
74.7%
Vatican City
73.7%
Albania
71.7%
Vietnam
71.7%
Laos
69.7%
Andorra
68.7%
Kazakhstan
66.7%
Niger
66.7%
Somalia
66.7%
Vanuatu
66.7%
Turkmenistan
65.7%
Azerbaijan
64.6%
Djibouti
64.6%
Cuba
63.6%
Uzbekistan
63.6%
Croatia
62.6%
Tajikistan
62.6%
Bhutan
61.6%
Mali
61.6%
Algeria
60.6%
Samoa
60.6%
Angola
59.6%
Eritrea
59.6%
Answer % Correct
Kosovo
59.6%
Nauru
59.6%
Palau
59.6%
Palestine
59.6%
Ethiopia
58.6%
Kyrgyzstan
58.6%
Tuvalu
57.6%
Marshall Islands
56.6%
Morocco
56.6%
Seychelles
56.6%
Micronesia
55.6%
Serbia
55.6%
Macedonia
54.5%
Montenegro
53.5%
Comoros
52.5%
Bosnia and Herzegovina
50.5%
Indonesia
50.5%
Equatorial Guinea
49.5%
Gabon
49.5%
Guinea-Bissau
49.5%
Cabo Verde
48.5%
Moldova
47.5%
Bulgaria
46.5%
São Tomé and Príncipe
46.5%
Uruguay
43.4%
Mozambique
39.4%
Timor-Leste
38.4%
Remove Ads.
Support Sporcle.
Get the best of Sporcle when you Go Orange. This ad-free experience offers more features, more stats, and more fun while also helping to support Sporcle. Thank you for becoming a member.

You're not logged in!

Compare scores with friends on all Sporcle quizzes.
OR
Log In

Show Comments

Extras

Top Quizzes Today


Score Distribution

Your Account Isn't Verified!

In order to create a playlist on Sporcle, you need to verify the email address you used during registration. Go to your Sporcle Settings to finish the process.

Report this User

Report this user for behavior that violates our Community Guidelines.

Details: